| 000 | 00609nam a2200217Ia 4500 | ||
|---|---|---|---|
| 005 | 20250923145923.0 | ||
| 008 | 008 250917s9999 xx 000 0 eng d | ||
| 037 | _aTextual | ||
| 040 |
_aDSWL _beng _cDSWL |
||
| 041 |
_aeng _2eng |
||
| 084 |
_aX:9991x, N90 _qDSWL |
||
| 100 |
_aSingh, B. _9840310 |
||
| 245 | 0 |
_aCurrent trends in Human Resource development _c by B. Singh |
|
| 260 |
_aNew Delhi _bDeep & Deep _c1995 |
||
| 300 | _axvii,416p. | ||
| 365 |
_aINR _b425.00 |
||
| 700 |
_a P. Kumar _9840311 |
||
| 925 | _g425.00 | ||
| 942 |
_cTEXL _hX:9991x, N90 |
||
| 999 |
_c1457364 _d1457364 |
||